000
00300nam a22001457a 4500
003
SGT
082
_a
340,ASI
100
_a
ASIA LAW HOUSE
245
_a
LAW OF SEEDS
250
_a
14TH
260
_a
HYDRABAD
_b
ASIA LAW HOUSE
_c
2008
300
_a
184
650
_a
LAW OF SEEDS
942
_2
ddc
_c
BK
999
_c
10375
_d
10375